000 00503nam a2200193 a 4500
001 1770111162800
003 YourLibrary
005 20260203155518.0
008 260203s2008##################000#0#eng##
020 _a9780747593003
082 0 4 _a305.420
_bGRE
100 1 _aGreer, Germaine,
_eauthor.
245 1 0 _aShakespeare's Wife :
260 _bBloomsbury Paperbacks,
_c2008.
300 _a406 pages
650 0 _aAuthors' spouses.
942 _cENGLISH
040 _aYourLibrary
_beng
_cYourLibrary
999 _c610039
_d610039